000
00279 a2200109 4500
001
ART_5734
005
20260410161617.0
008
260409a
245
1
0
_a
Sarbanes Oxley
100
1
_a
Chalupowicz, Daniel
773
0
_t
Enfoques
_g
- NÂș 1 (ene. 2007)
_w
REV416
999
_c
11208
_d
11208